000 00171nam a2200085 4500
999 _c530815
_d530815
040 _cDLC
082 _a808.042076
_bAPT
245 _aGeneral aptitude test
942 _2ddc
_cBK